Name Every LEGO Architecture set - Statistics

General Stats
  • This quiz has been taken 63 times
    56 since last reset
  • The average score is 19 of 48
Answer Stats
Year Answer % Correct
2018 The Statue of Liberty
80%
2012 Big Ben
78%
2017 London Skyline
76%
2014 The Eiffel Tower
76%
2009 Empire State Building
68%
2019 Empire State Building
68%
2019 Paris Skyline
66%
2020 Tokyo Skyline
63%
2010 The White House
61%
2020 The White House
61%
2017 Sydney Skyline
54%
2011 Burj Khalifa
51%
2016 Burj Khalifa
51%
2020 Dubai Skyline
51%
2016 New York City Skyline
49%
2018 Shanghai Skyline
49%
2016 Berlin Skyline
41%
2019 San Francisco Skyline
41%
2009 Seattle Space Needle
41%
2012 Sydney Opera House
41%
2016 Buckingham Palace
39%
2016 Venice Skyline
39%
2018 Las Vegas Skyline
37%
2008 Willis Tower
37%
2017 Chicago Skyline
34%
2018 Great Wall of China
34%
2008 John Hancock Tower
34%
2009 The Guggenheim Museum
34%
2009 Fallingwater
32%
2017 The Guggenheim Musuem
32%
2011 Brandenburg Gate
29%
2013 Leaning Tower of Pisa
24%
2014 Marina Bay Sands
24%
2011 Robie House
24%
2015 The Lincoln Memorial
24%
2017 Arc De Triomphe
22%
2015 Flatiron Building
22%
2011 Farnsworth House
20%
2017 Lego House
20%
2014 The Trevi Fountain
17%
2019 Trafalgar Square
17%
2016 US Capitol Building
17%
2013 Imperial Hotel
15%
2011 Rockefeller Center
15%
2015 The Louvre
15%
2013 U.N Headquarters
12%
2012 Sungnyemun Gate
10%
2012 Villa Savoye
7%
No matching quizzes found
Score Distribution
Percent of People with Each Score
Percentile by Number Answered
Your Score History
You have not taken this quiz since the last reset